| 000 | 00821am a2200313a 44500 | ||
|---|---|---|---|
| 003 | AR-BaBNM | ||
| 005 | 20251128211126.0 | ||
| 008 | 202120s1987 #AR|||||||||||000 | spa|| | ||
| 040 | _cAR-BaBNM | ||
| 100 | 1 | _aGrimal, Pierre | |
| 245 | 1 | 0 | _aVirgilio o el segundo nacimiento de Roma |
| 250 | _a1ª ed. | ||
| 260 |
_aBuenos Aires _bEudeba _c1987 |
||
| 300 | _a216 p. | ||
| 490 | 0 | _aTemas | |
| 500 | _aContiene índice alfabético | ||
| 504 | _aContiene referencias bibliográficas | ||
| 650 | 4 | _aLITERATURA LATINA | |
| 650 | 4 | _aHISTORIA ANTIGUA | |
| 650 | 4 | _aHISTORIA POLITICA | |
| 650 | 4 | _aCRITICA LITERARIA | |
| 650 | 4 | _aBIOGRAFIAS | |
| 651 | 4 | _aRoma | |
| 653 | _aIMPERIO ROMANO | ||
| 653 | _aFILOSOFIA ANTIGUA | ||
| 700 | 1 |
_aBauzá, Hugo Francisco _etraductor |
|
| 942 | _cBK | ||
| 998 | _cMARTIN | ||
| 999 |
_c18345 _d18345 |
||